[Event "RUS-ch U16"]
[Site "Dagomys"]
[Date "2004.04.??"]
[Round "?"]
[White "Gusakov, Pavel"]
[Black "Elizarov, Dmitry"]
[Result "0-1"]
[WhiteElo "2175"]
[BlackElo "2267"]
[PlyCount "70"]
[EventDate "2004.04.??"]
[EventType "swiss"]
[EventRounds "10"]
[EventCountry "RUS"]
[SourceTitle "EXT 2005"]
[Source "ChessBase"]
[SourceDate "2004.11.15"]
[SourceVersion "1"]
[SourceVersionDate "2004.11.15"]
[SourceQuality "1"]

1. e4 e6 2. d4 d5 3. Nd2 Nf6 4. Bd3 c5 5. e5 Nfd7 6. c3 Nc6 7. Ne2 cxd4 8. cxd4 f6 9. exf6 Nxf6 10. Nf3 Bd6 11. 0-0 Qc7 12. Re1 0-0 13. Ng3 Bd7 14. Bg5 Bf4 15. Bxf4 Qxf4 16. Bb5 Ne4 17. Qc1 Qd6 18. Bxc6 Bxc6 19. Qe3 Rf6 20. Rac1 Raf8 21. Re2 h6 22. a3 Kh8 23. Rec2 Rxf3 24. gxf3 Ng5 25. b4 Nxf3+ 26. Kh1 a6 27. a4 Qxb4 28. Rxc6 bxc6 29. Qxe6 Nxd4 30. Qe3 Nf3 31. Rxc6 Qh4 32. Nf1 d4 33. Qa3 Qd8 34. Rxa6 Ne5 35. h3 d3 0-1

[Event "RUS-ch U16"]
[Site "Dagomys"]
[Date "2004.04.??"]
[Round "?"]
[White "Kozlov, Konstantin1111"]
[Black "Gusakov, Pavel"]
[Result "1/2-1/2"]
[WhiteElo "2236"]
[BlackElo "2175"]
[PlyCount "57"]
[EventDate "2004.04.??"]
[EventType "swiss"]
[EventRounds "10"]
[EventCountry "RUS"]
[SourceTitle "EXT 2005"]
[Source "ChessBase"]
[SourceDate "2004.11.15"]
[SourceVersion "1"]
[SourceVersionDate "2004.11.15"]
[SourceQuality "1"]

1. e4 c5 2. Nf3 e6 3. d4 cxd4 4. Nxd4 Nf6 5. Nc3 d6 6. Be2 a6 7. 0-0 Qc7 8. f4 Be7 9. Kh1 Nc6 10. Be3 Nxd4 11. Qxd4 e5 12. Qd2 exf4 13. Rxf4 Be6 14. Nd5 Bxd5 15. exd5 0-0 16. c4 Nd7 17. Rff1 a5 18. Bd4 Bf6 19. Bxf6 Nxf6 20. Rxf6 gxf6 21. Qh6 Qe7 22. Bd3 f5 23. Bxf5 f6 24. Rf1 Kh8 25. Be6 f5 26. h3 Qg7 27. Qf4 Rad8 28. b3 Rf6 29. Rf3 1/2-1/2

[Event "Kimry-ch"]
[Site "Kimry"]
[Date "2004.??.??"]
[Round "7"]
[White "Nadeev, Sergey Vladimirovic"]
[Black "Gusakov, Pavel"]
[Result "1-0"]
[WhiteElo "2316"]
[BlackElo "2101"]
[PlyCount "115"]
[EventDate "2004.??.??"]
[EventType "swiss"]
[EventRounds "9"]
[EventCountry "RUS"]
[SourceTitle "EXT 2005"]
[Source "ChessBase"]
[SourceDate "2004.11.15"]
[SourceVersion "1"]
[SourceVersionDate "2004.11.15"]
[SourceQuality "1"]

1. e4 c5 2. Nf3 e6 3. d4 cxd4 4. Nxd4 Nf6 5. Nc3 d6 6. Be3 a6 7. a4 Nc6 8. Be2 Qc7 9. 0-0 Be7 10. f4 Nxd4 11. Qxd4 e5 12. Qd2 exf4 13. Rxf4 Be6 14. Nd5 Bxd5 15. exd5 0-0 16. a5 Nd7 17. Rff1 Ne5 18. b3 Rfe8 19. c4 Bf8 20. Rac1 Rac8 21. b4 g6 22. Rfe1 Qd7 23. c5 dxc5 24. bxc5 Ng4 25. c6 bxc6 26. dxc6 Qe6 27. Bb6 Bh6 28. Bxg4 Bxd2 29. Rxe6 Rxe6 30. Bxe6 fxe6 31. Rd1 Bxa5 32. Bxa5 Rxc6 33. Rd7 Rc1+ 34. Kf2 Ra1 35. Bd2 a5 36. Re7 a4 37. Rxe6 a3 38. Ra6 a2 39. Bf4 Kf7 40. Be5 Rh1 41. Rxa2 Ke6 42. Bg3 Rb1 43. Ra6+ Kf5 44. Ra5+ Ke6 45. Bf4 Rb3 46. Be3 Rb8 47. g4 h5 48. gxh5 gxh5 49. Rxh5 Kf6 50. Ra5 Kg6 51. h4 Rb2+ 52. Kg3 Rb3 53. h5+ Kh7 54. Ra7+ Kg8 55. Kf4 Rb5 56. Kg4 Rb1 57. Bf4 Rg1+ 58. Kf5 1-0

[Event "Kimry-ch"]
[Site "Kimry"]
[Date "2004.??.??"]
[Round "8"]
[White "Pakhteev, Yury"]
[Black "Gusakov, Pavel"]
[Result "1/2-1/2"]
[WhiteElo "2327"]
[BlackElo "2101"]
[PlyCount "37"]
[EventDate "2004.??.??"]
[EventType "swiss"]
[EventRounds "9"]
[EventCountry "RUS"]
[SourceTitle "EXT 2005"]
[Source "ChessBase"]
[SourceDate "2004.11.15"]
[SourceVersion "1"]
[SourceVersionDate "2004.11.15"]
[SourceQuality "1"]

1. e4 c5 2. Nf3 e6 3. d4 cxd4 4. Nxd4 a6 5. c4 Nf6 6. Nc3 Bb4 7. e5 Ne4 8. Qg4 Nxc3 9. a3 Bf8 10. bxc3 Qa5 11. Qg3 d6 12. exd6 Bxd6 13. Qxd6 Qxc3+ 14. Bd2 Qxa1+ 15. Ke2 Qb2 16. Ke3 Bd7 17. Bb4 Qc1+ 18. Bd2 Qb2 19. Bb4 1/2-1/2

[Event "Kimry-ch"]
[Site "Kimry"]
[Date "2003.??.??"]
[Round "2"]
[White "Chernyaev, Vladimir"]
[Black "Gusakov, Pavel"]
[Result "0-1"]
[WhiteElo "1965"]
[BlackElo "2175"]
[PlyCount "108"]
[EventDate "2003.??.??"]
[EventType "swiss"]
[EventRounds "9"]
[EventCountry "RUS"]
[SourceTitle "EXT 2007"]
[Source "ChessBase"]
[SourceDate "2006.11.23"]
[SourceVersion "1"]
[SourceVersionDate "2006.11.23"]
[SourceQuality "1"]

1. e4 c5 2. Nf3 e6 3. d4 cxd4 4. Nxd4 Nf6 5. Nc3 d6 6. Be2 a6 7. 0-0 Qc7 8. Be3 Be7 9. Qd2 Nc6 10. Rad1 0-0 11. Bg5 Bd7 12. Bxf6 Bxf6 13. Nxc6 Bxc6 14. Qxd6 Qxd6 15. Rxd6 Bxc3 16. bxc3 Bxe4 17. Bd3 Bc6 18. Rd1 Rfc8 19. Bf1 Kf8 20. R6d4 Ke7 21. f4 Bd5 22. c4 Bc6 23. c5 Rc7 24. Rb4 Rd8 25. Rbd4 Rd5 26. Rxd5 Bxd5 27. c4 Bc6 28. Bd3 Bd7 29. Rb1 Bc8 30. Be4 Rxc5 31. Bxb7 Rxc4 32. Bxc8 Rxc8 33. Rb7+ Kf6 34. Ra7 Rc1+ 35. Kf2 Rc2+ 36. Kf3 Rxa2 37. Rd7 h6 38. h3 a5 39. Ra7 a4 40. Ra5 Ra1 41. Ke2 a3 42. Kf2 a2 43. Kg3 g5 44. fxg5+ hxg5 45. Kg4 e5 46. Ra6+ Kg7 47. Kxg5 e4 48. h4 e3 49. h5 e2 50. h6+ Kh7 51. Ra7 e1Q 52. Rxf7+ Kg8 53. Rf5 Rd1 54. Kg6 Rd6+ 0-1

[Event "Kimry op"]
[Site "Kimry"]
[Date "2003.??.??"]
[Round "9"]
[White "Gusakov, Pavel"]
[Black "Patsyk, Aleksandr"]
[Result "1/2-1/2"]
[WhiteElo "2101"]
[BlackElo "2225"]
[PlyCount "69"]
[EventDate "2003.??.??"]
[EventType "swiss"]
[EventRounds "9"]
[EventCountry "RUS"]
[SourceTitle "EXT 2006"]
[Source "ChessBase"]
[SourceDate "2005.11.24"]
[SourceVersion "1"]
[SourceVersionDate "2005.11.24"]
[SourceQuality "1"]

1. e4 e5 2. Nf3 Nc6 3. Bb5 a6 4. Bxc6 dxc6 5. Nc3 f6 6. d4 exd4 7. Nxd4 c5 8. Nde2 Qxd1+ 9. Nxd1 Be6 10. Bf4 0-0-0 11. Ne3 Bd6 12. 0-0-0 Ne7 13. Bxd6 Rxd6 14. Nf4 Bf7 15. Rxd6 cxd6 16. Rd1 Kd7 17. f3 Kc6 18. Nfd5 Nxd5 19. exd5+ Kd7 20. c4 b5 21. b3 b4 22. Re1 Re8 23. Kd2 Bg6 24. f4 Be4 25. f5 h5 26. a4 Re5 27. Rf1 Ke7 28. Rf4 g5 29. fxg6 Bxg6 30. g4 Kf7 31. Nf5 Bxf5 32. gxf5 Kg7 33. h4 Kf7 34. a5 Re8 35. Kd3 1/2-1/2

[Event "Kimry-ch"]
[Site "Kimry"]
[Date "2003.??.??"]
[Round "7"]
[White "Kudrin, Vladimir1111"]
[Black "Gusakov, Pavel"]
[Result "0-1"]
[WhiteElo "2030"]
[BlackElo "2175"]
[PlyCount "58"]
[EventDate "2003.??.??"]
[EventType "swiss"]
[EventRounds "9"]
[EventCountry "RUS"]
[SourceTitle "EXT 2007"]
[Source "ChessBase"]
[SourceDate "2006.11.23"]
[SourceVersion "1"]
[SourceVersionDate "2006.11.23"]
[SourceQuality "1"]

1. e4 c5 2. Nf3 e6 3. d4 cxd4 4. Nxd4 Nf6 5. Nc3 d6 6. Bg5 Be7 7. Be2 a6 8. 0-0 0-0 9. g4 Nc6 10. Nxc6 bxc6 11. h4 d5 12. Bf3 Nd7 13. Bxe7 Qxe7 14. exd5 exd5 15. g5 Qb4 16. Bg4 f5 17. Bf3 Qxh4 18. Bxd5+ Kh8 19. Bxc6 Qxg5+ 20. Bg2 Bb7 21. f3 Ne5 22. Nd5 Rad8 23. f4 Qg6 24. fxe5 Rxd5 25. Qf3 Rb5 26. Qh3 f4 27. Qh2 f3 28. Rf2 Qb6 29. Qg3 fxg2 0-1